Resource Management (RM:ASSET) Advancements & Strategies for Education and Transformation / by Suman Singh, Sapna Dinesh, Roopa R. Rao (Record no. 52440)

MARC details
000 -LEADER
fixed length control field 00676nam a22001817a 4500
003 - CONTROL NUMBER IDENTIFIER
control field OSt
008 - FIXED-LENGTH DATA ELEMENTS--GENERAL INFORMATION
fixed length control field 260629b |||||||| |||| 00| 0 eng d
020 ## - INTERNATIONAL STANDARD BOOK NUMBER
International Standard Book Number 9788119105403
082 ## - DEWEY DECIMAL CLASSIFICATION NUMBER
Classification number 640.7
Item number S61R
100 ## - MAIN ENTRY--PERSONAL NAME
Personal name Singh, Suman
245 ## - TITLE STATEMENT
Title Resource Management (RM:ASSET) Advancements & Strategies for Education and Transformation / by Suman Singh, Sapna Dinesh, Roopa R. Rao
260 ## - PUBLICATION, DISTRIBUTION, ETC. (IMPRINT)
Place of publication, distribution, etc New Delhi:
Name of publisher, distributor, etc International Books & Periodicals Supply Service,
Date of publication, distribution, etc 2024
300 ## - PHYSICAL DESCRIPTION
Extent xix, 512 p.
650 ## - SUBJECT ADDED ENTRY--TOPICAL TERM
Topical term or geographic name as entry element Home Economics and Family Living | Technology (Applied sciences) | Home Economics | Teaching
700 ## - ADDED ENTRY--PERSONAL NAME
Personal name Dinesh, Sapna
700 ## - ADDED ENTRY--PERSONAL NAME
Personal name Rao, Roopa R.
942 ## - ADDED ENTRY ELEMENTS (KOHA)
Source of classification or shelving scheme
Koha item type Books
Holdings
Withdrawn status Lost status Source of classification or shelving scheme Damaged status Not for loan Home library Current library Shelving location Date acquired Source of acquisition Cost, normal purchase price Total Checkouts Full call number Barcode Date last seen Bill Date Koha item type Bill Number
          Dr. Rajendra Prasad Central Agricultural University Pusa, Dr. Rajendra Prasad Central Agricultural University Pusa, General Stacks 29/06/2026 International Books & Periodicals Supply Service, 4950.00   640.7 S61R 87170 29/06/2026 28/01/2026 Books Invoice No. IBPS/021/2025-26
Hosted, Implemented, Customized & Maintained by: BestBookBuddies

Powered by Koha